<?xml version="1.0" encoding="UTF-8"?>
<marc:record xmlns:marc="http://www.loc.gov/MARC21/slim">
   <marc:leader>00000nam a2200000 a 4500</marc:leader>
   <marc:datafield ind1="1" ind2=" " tag="100">
      <marc:subfield code="a">Kessler, Liz</marc:subfield>
      <marc:subfield code="4">aut</marc:subfield>
      <marc:subfield code="e">Verfasser/-in</marc:subfield>
   </marc:datafield>
   <marc:datafield ind1="0" ind2="0" tag="245">
      <marc:subfield code="a">Philippa und die Glücksfee</marc:subfield>
   </marc:datafield>
   <marc:datafield ind1=" " ind2="1" tag="264">
      <marc:subfield code="b">Fischer Schatzinsel</marc:subfield>
      <marc:subfield code="c">2010</marc:subfield>
   </marc:datafield>
   <marc:datafield ind1="1" ind2=" " tag="520">
      <marc:subfield code="a">Folge der Fee um diese Steine hoch in der nebligen Heide, ruf ihren Namen und blicke sie an, dann ist ihre Welt auch die Deine.
Als Robyn und ich diese Inschrift fanden, wussten wir sofort, dass wir etwas total aufregendes entdeckt hatten: ein Feentor! Durch dieses Portal bringen die feen das Glück auf die Welt. Ich muss es wissen, denn ich kenne meine Traumfee persönlich !</marc:subfield>
   </marc:datafield>
   <marc:datafield ind1=" " ind2=" " tag="020">
      <marc:subfield code="a">9783596854325</marc:subfield>
      <marc:subfield code="9">9783596854325</marc:subfield>
   </marc:datafield>
</marc:record>
